Fuil Poverty. (Record no. 412)
[ view plain ]
| 000 -LEADER | |
|---|---|
| fixed length control field | 00638nam a22002417a 4500 |
| 008 - FIXED-LENGTH DATA ELEMENTS--GENERAL INFORMATION | |
| fixed length control field | 130525b xxu||||| |||| 00| 0 eng d |
| 020 ## - INTERNATIONAL STANDARD BOOK NUMBER | |
| International Standard Book Number | 1852931396 |
| 024 ## - OTHER STANDARD IDENTIFIER | |
| Terms of availability | Avialable |
| 037 ## - SOURCE OF ACQUISITION | |
| Terms of availability | Avialable |
| 040 ## - CATALOGING SOURCE | |
| Original cataloging agency | MBSTU LIBRARY |
| 082 ## - DEWEY DECIMAL CLASSIFICATION NUMBER | |
| Edition number | 22 ed |
| Classification number | 363.58 BOF |
| 100 ## - MAIN ENTRY--PERSONAL NAME | |
| Personal name | Boardman Brenda |
| 110 ## - MAIN ENTRY--CORPORATE NAME | |
| Corporate name or jurisdiction name as entry element | Herschy |
| 245 ## - TITLE STATEMENT | |
| Title | Fuil Poverty. |
| 260 ## - PUBLICATION, DISTRIBUTION, ETC. (IMPRINT) | |
| Place of publication, distribution, etc. | New York |
| Name of publisher, distributor, etc. | Belhaven Press |
| Date of publication, distribution, etc. | 1991 |
| 300 ## - PHYSICAL DESCRIPTION | |
| Extent | 22.5 cm |
| Other physical details | 267 Page |
| 600 ## - SUBJECT ADDED ENTRY--PERSONAL NAME | |
| Personal name | Programs and Services. |
| 700 ## - ADDED ENTRY--PERSONAL NAME | |
| Personal name | Abbott Patrick L. |
| 270 ## - ADDRESS | |
| Address | Belhaven Press |
| City | New York |
| Country | USA |
| 365 ## - TRADE PRICE | |
| Price amount | 1637.00 |
| Unit of pricing | 1637.00 |
| 942 ## - ADDED ENTRY ELEMENTS (KOHA) | |
| Source of classification or shelving scheme | |
| Koha item type | Books |
No items available.
